TENNIS - Tournois du grand chelem (ère Open) - Simple Homme - Statistiques

Statistiques générales
  • Ce quiz a été pris 3 120 fois
  • Le résultat moyen est 118 sur 188
Statistiques - réponses
Année Champion % Correct
2011 Rafael Nadal (10/14)
100%
2012 Rafael Nadal (11/14)
100%
2005 Rafael Nadal (1/14)
100%
2013 Rafael Nadal (12/14)
100%
2013 Rafael Nadal (13/14)
100%
2014 Rafael Nadal (14/14)
100%
2006 Rafael Nadal (2/14)
100%
2007 Rafael Nadal (3/14)
100%
2008 Rafael Nadal (4/14)
100%
2008 Rafael Nadal (5/14)
100%
2009 Rafael Nadal (6/14)
100%
2010 Rafael Nadal (7/14)
100%
2010 Rafael Nadal (8/14)
100%
2010 Rafael Nadal (9/14)
100%
2007 Roger Federer (10/17)
99%
2007 Roger Federer (11/17)
99%
2003 Roger Federer (1/17)
99%
2007 Roger Federer (12/17)
99%
2008 Roger Federer (13/17)
99%
2009 Roger Federer (14/17)
99%
2009 Roger Federer (15/17)
99%
2010 Roger Federer (16/17)
99%
2012 Roger Federer (17/17)
99%
2004 Roger Federer (2/17)
99%
2004 Roger Federer (3/17)
99%
2004 Roger Federer (4/17)
99%
2005 Roger Federer (5/17)
99%
2005 Roger Federer (6/17)
99%
2006 Roger Federer (7/17)
99%
2006 Roger Federer (8/17)
99%
2006 Roger Federer (9/17)
99%
2008 Novak Djokovic (1/7)
98%
2011 Novak Djokovic (2/7)
98%
2011 Novak Djokovic (3/7)
98%
2011 Novak Djokovic (4/7)
98%
2012 Novak Djokovic (5/7)
98%
2013 Novak Djokovic (6/7)
98%
2014 Novak Djokovic (7/7)
98%
2012 Andy Murray (1/2)
90%
2013 Andy Murray (2/2)
90%
1992 Andre Agassi (1/8)
85%
1994 Andre Agassi (2/8)
85%
1995 Andre Agassi (3/8)
85%
1999 Andre Agassi (4/8)
85%
1999 Andre Agassi (5/8)
85%
2000 Andre Agassi (6/8)
85%
2001 Andre Agassi (7/8)
85%
2003 Andre Agassi (8/8)
85%
2014 Stanislas Wawrinka (1/1)
85%
1997 Pete Sampras (10/14)
84%
1998 Pete Sampras (11/14)
84%
1990 Pete Sampras (1/14)
84%
1999 Pete Sampras (12/14)
84%
2000 Pete Sampras (13/14)
84%
2002 Pete Sampras (14/14)
84%
1993 Pete Sampras (2/14)
84%
1993 Pete Sampras (3/14)
84%
1994 Pete Sampras (4/14)
84%
1994 Pete Sampras (5/14)
84%
1995 Pete Sampras (6/14)
84%
1995 Pete Sampras (7/14)
84%
1996 Pete Sampras (8/14)
84%
1997 Pete Sampras (9/14)
84%
1980 Björn Borg (10/11)
83%
1974 Björn Borg (1/11)
83%
1981 Björn Borg (11/11)
83%
1975 Björn Borg (2/11)
83%
1976 Björn Borg (3/11)
83%
1977 Björn Borg (4/11)
83%
1978 Björn Borg (5/11)
83%
1978 Björn Borg (6/11)
83%
1979 Björn Borg (7/11)
83%
1979 Björn Borg (8/11)
83%
1980 Björn Borg (9/11)
83%
1983 Yannick Noah (1/1)
81%
1979 John McEnroe (1/7)
77%
1980 John McEnroe (2/7)
77%
1981 John McEnroe (3/7)
77%
1981 John McEnroe (4/7)
77%
1983 John McEnroe (5/7)
77%
1984 John McEnroe (6/7)
77%
1984 John McEnroe (7/7)
77%
2009 Juan Martín del Potro (1/1)
69%
2014 Marin Čilić (1/1)
68%
1997 Gustavo Kuerten (1/3)
66%
2000 Gustavo Kuerten (2/3)
66%
2001 Gustavo Kuerten (3/3)
66%
1984 Ivan Lendl (1/8)
66%
1985 Ivan Lendl (2/8)
66%
1986 Ivan Lendl (3/8)
66%
1986 Ivan Lendl (4/8)
66%
1987 Ivan Lendl (5/8)
66%
1987 Ivan Lendl (6/8)
66%
1989 Ivan Lendl (7/8)
66%
1990 Ivan Lendl (8/8)
66%
1985 Boris Becker (1/6)
62%
1986 Boris Becker (2/6)
62%
1989 Boris Becker (3/6)
62%
1989 Boris Becker (4/6)
62%
1991 Boris Becker (5/6)
62%
1996 Boris Becker (6/6)
62%
2000 Marat Safin (1/2)
60%
2005 Marat Safin (2/2)
60%
1989 Michael Chang (1/1)
60%
2003 Andy Roddick (1/1)
59%
2001 Lleyton Hewitt (1/2)
59%
2002 Lleyton Hewitt (2/2)
59%
1974 Jimmy Connors (1/8)
56%
1974 Jimmy Connors (2/8)
56%
1974 Jimmy Connors (3/8)
56%
1976 Jimmy Connors (4/8)
56%
1978 Jimmy Connors (5/8)
56%
1982 Jimmy Connors (6/8)
56%
1982 Jimmy Connors (7/8)
56%
1983 Jimmy Connors (8/8)
56%
1982 Mats Wilander (1/7)
55%
1984 Mats Wilander (2/7)
55%
1985 Mats Wilander (3/7)
55%
1985 Mats Wilander (4/7)
55%
1988 Mats Wilander (5/7)
55%
1988 Mats Wilander (6/7)
55%
1988 Mats Wilander (7/7)
55%
2003 Juan Carlos Ferrero (1/1)
52%
1986 Stefan Edberg (1/6)
52%
1987 Stefan Edberg (2/6)
52%
1988 Stefan Edberg (3/6)
52%
1990 Stefan Edberg (4/6)
52%
1991 Stefan Edberg (5/6)
52%
1992 Stefan Edberg (6/6)
52%
1969 Rod Laver (10/11)
50%
1969 Rod Laver (11/11)
50%
1968 Rod Laver (7/11)
50%
1969 Rod Laver (8/11)
50%
1969 Rod Laver (9/11)
50%
1998 Carlos Moyà (1/1)
49%
1991 Jim Courier (1/4)
49%
1992 Jim Courier (2/4)
49%
1992 Jim Courier (3/4)
49%
1993 Jim Courier (4/4)
49%
2001 Goran Ivanišević (1/1)
39%
1972 Ilie Năstase (1/2)
38%
1973 Ilie Năstase (2/2)
38%
2004 Gastón Gaudio (1/1)
37%
1996 Ievgueni Kafelnikov (1/2)
37%
1999 Ievgueni Kafelnikov (2/2)
37%
1968 Arthur Ashe (1/3)
34%
1970 Arthur Ashe (2/3)
34%
1975 Arthur Ashe (3/3)
34%
1977 Guillermo Vilas (1/4)
33%
1977 Guillermo Vilas (2/4)
33%
1979 Guillermo Vilas (3/4)
33%
1980 Guillermo Vilas (4/4)
33%
1997 Patrick Rafter (1/2)
33%
1998 Patrick Rafter (2/2)
33%
1993 Sergi Bruguera (1/2)
31%
1994 Sergi Bruguera (2/2)
31%
1995 Thomas Muster (1/1)
31%
2002 Albert Costa (1/1)
27%
1987 Pat Cash (1/1)
25%
1990 Andrés Gómez (1/1)
22%
1970 John Newcombe (3/7)
22%
1971 John Newcombe (4/7)
22%
1973 John Newcombe (5/7)
22%
1973 John Newcombe (6/7)
22%
1975 John Newcombe (7/7)
22%
1991 Michael Stich (1/1)
22%
2002 Thomas Johansson (1/1)
22%
1971 Stan Smith (1/2)
20%
1972 Stan Smith (2/2)
20%
1998 Petr Korda (1/1)
19%
1968 Ken Rosewall (5/8)
18%
1970 Ken Rosewall (6/8)
18%
1971 Ken Rosewall (7/8)
18%
1972 Ken Rosewall (8/8)
18%
1996 Richard Krajicek (1/1)
18%
1976 Adriano Panatta (1/1)
14%
1978 Vitas Gerulaitis (1/1)
12%
1970 Jan Kodeš (1/3)
10%
1971 Jan Kodeš (2/3)
10%
1973 Jan Kodeš (3/3)
10%
1975 Manuel Orantes (1/1)
10%
1982 Johan Kriek (1/2)
9%
1983 Johan Kriek (2/2)
9%
1977 Roscoe Tanner (1/1)
8%
1972 Andrés Gimeno (1/1)
7%
1981 Brian Teacher (1/1)
6%
1976 Mark Edmondson (1/1)
5%
1968 Bill Bowrey (1/1)
3%
Aucun quiz correspondant
Distribution des résultats
% des personnes avec chaque résultat
Percentile par nombre de réponses
Votre historique - résultats
Vous n’avez pas pris ce quiz